Cadres: un statut en mutation.
Počet kádrov sa vo Francúzsku po 25 rokoch zdvojnásobil na 5 mil. Kádre už nemajú radi kádre. Kádre sú na ceste vymretia, tvrdia francúzski odborníci. Nezamestnaný káder je káder bez práv. Treba rozdeliť riziko a prinavrátiť miesto iniciatíve. (L'Expansion 4. júna 1992).
Saved in:
| Main Author: | |
|---|---|
| Format: | Book Chapter |
| Language: | French |
| Subjects: | |
| Tags: |
No Tags, Be the first to tag this record!
|
MARC
| LEADER | 00000naa a2200000 4500 | ||
|---|---|---|---|
| 001 | r009457 | ||
| 005 | 20220913124302.6 | ||
| 041 | 0 | |a fre | |
| 044 | |a FR | ||
| 245 | 1 | 0 | |a Cadres: un statut en mutation. |c H. Gibier |
| 520 | |a Počet kádrov sa vo Francúzsku po 25 rokoch zdvojnásobil na 5 mil. Kádre už nemajú radi kádre. Kádre sú na ceste vymretia, tvrdia francúzski odborníci. Nezamestnaný káder je káder bez práv. Treba rozdeliť riziko a prinavrátiť miesto iniciatíve. (L'Expansion 4. júna 1992). | ||
| 610 | 2 | 0 | |a pracovníci odborní |
| 610 | 2 | 0 | |a pracovníci tvoriví |
| 610 | 2 | 0 | |a Francúzsko |
| 610 | 2 | 0 | |a zmeny pomeru pracovného |
| 610 | 2 | 0 | |a práca kvalifikovaná |
| 610 | 2 | 0 | |a iniciatíva pracovná |
| 100 | 1 | |a Gibier, H. | |